Židovská kultúra už nie je tabu Nové múzeum pod Hradom

Bibliographic Details
Main Author: Vojtková, Viera, 1939- (Author)
Format: Article
Language:Slovak
PhysicalDescription:Fotogr. 1
Subjects:

MARC

LEADER 00000nab a2200000 a 4500
001 vtls000482470
003 SK-MaSNL
005 20260305014847.0
008 120927c1993 xo 0 slo
015 |a SNBRB19rr/mm-uuuuu 
035 |a CL0482605 
040 |a SNKBUCL  |b slo  |c SNKBUCL  |e AACR2 
041 0 |a slo 
044 |a xo  |c SK 
080 |a 069.6.02:93/99:008(=924):39(=924)  |2 1981 
080 |a 93/99  |2 1981 
080 |a 008(=924)  |2 1981 
080 |a 39(=924)  |2 1981 
100 1 |a Vojtková, Viera,  |d 1939-  |4 aut  |9 222293 
245 1 0 |a Židovská kultúra už nie je tabu  |b Nové múzeum pod Hradom  |c Viera Vojtková 
300 |b Fotogr. 1 
610 2 7 |a Múzeum židovskej kultúry (Bratislava, Slovensko)  |2 snkbucl  |9 32463 
655 7 |a články z novín a časopisov  |2 snkbucl  |9 267496 
773 0 |t Národná obroda  |g Roč. 4, č. 115 (20. 5. 1993), s. 13 
850 |a Slovenská národná knižnica v Martine  |a MTA001 
852 |a SNK  |b KIS3GCP 
958 |a RK 
992 |a RBX 
999 |c 3271813  |d 3273743